000 00345nam a22001457a 4500
003 OSt
005 20220128131048.0
008 220128b |||||||| |||| 00| 0 eng d
020 _a0070494177
040 _cH U
082 _a621.38
100 _aPattan Bruno
_929033
245 _aSatellite-Based Cellular Communications
942 _2ddc
_cBOOKS
_n0
999 _c28356
_d28356